MARC

LEADER 00000naa2a2200000 4500
001 635771
005 20231101133858.0
035 |a (RuTPU)RU\TPU\conf\37628 
035 |a RU\TPU\conf\37626 
090 |a 635771 
100 |a 20230608d2022 k y0rusy50 ca 
101 0 |a rus 
102 |a RU 
105 |a y z 101zy 
135 |a drgn ---uucaa 
181 0 |a i  
182 0 |a b 
200 1 |a Комплекс тренажеров для организации самообучения по дисциплине математика  |f П. Е. Немкина, М. Е. Демченко  |g науч. рук. Е. А. Беляускене 
203 |a Текст  |c электронный 
225 1 |a Новации нового инженерного образования 
230 |a 1 компьютерный файл (pdf; 47 Kb) 
300 |a Заглавие с экрана 
320 |a [Библиогр.: с. 609 (3 назв.)] 
463 0 |0 (RuTPU)RU\TPU\conf\37517  |t Бутаковские чтения  |o материалы II Всероссийской с международным участием молодежной конференции, 13-15 декабря 2022 г., Томск  |f Национальный исследовательский Томский политехнический университет ; ред. кол. А. С. Заворин, А. С. Матвеев, С. Г. Обухов [и др.]  |v [С. 608-609]  |d 2022 
610 1 |a электронный ресурс 
610 1 |a труды учёных ТПУ 
610 1 |a комплексы 
610 1 |a тренажеры 
610 1 |a организация 
610 1 |a самообучение 
610 1 |a дисциплины 
610 1 |a математика 
700 1 |a Немкина  |b П. Е. 
701 1 |a Демченко  |b М. Е. 
702 1 |a Беляускене  |b Е. А.  |c математик  |c старший преподаватель Томского политехнического университета  |f 1968-  |g Евгения Александровна  |2 stltpush  |4 727 
712 0 2 |a Национальный исследовательский Томский политехнический университет  |b Школа базовой инженерной подготовки  |b Отделение математики и информатики  |h 8031  |2 stltpush  |3 (RuTPU)RU\TPU\col\23555 
801 2 |a RU  |b 63413507  |c 20230615  |g RCR 
856 4 |u http://earchive.tpu.ru/handle/11683/75966 
942 |c BK